Valentein Quiz Stats

Quiz not verified by Sporcle

Also try: Letter Pair: DT
Challenge
Share
Tweet
Embed
Score 0/25 Timer 05:00
0 Plays Today
% Correct
Atrus
100%
Tinny
100%
Paul
100%
Ambience
100%
Oberon
100%
Cordelia
100%
Charlie
100%
Gemma
100%
Simone
100%
Valentine
100%
Hermia
75%
Shane
75%
Novile
75%
% Correct
Damien
75%
Parker
75%
Theodore
75%
Araminta
75%
Ella
75%
Casey
75%
Lucinda
50%
Riley
50%
Shanian
50%
Priscilla
25%
Westley
25%
Portia
25%

You're not logged in!

Compare scores with friends on all Sporcle quizzes.
Sign Up with Email
OR
Log In

You Might Also Like...

Show Comments

Extras

Top Quizzes Today


Score Distribution

Your Account Isn't Verified!

In order to create a playlist on Sporcle, you need to verify the email address you used during registration. Go to your Sporcle Settings to finish the process.

Report this User

Report this user for behavior that violates our Community Guidelines.

Details: